Obra escogida

Gardado en:
Detalles Bibliográficos
Autor Principal: Rosa, Ramón
Formato: Texto
Publicado: Tegucigalpa: Guayamuras
Etiquetas: Engadir etiqueta
Sen Etiquetas, Sexa o primeiro en etiquetar este rexistro!

MARC

LEADER 00000 a a2200000 04500
001 22377
003
040
090 |a 152500  
100 |a Rosa, Ramón  
245 |a Obra escogida  
260 |a Tegucigalpa:   |b Guayamuras  
300 |a 397 p.   |b **no definido**   |b il.  
999 |c 1098  |d 1098